<?xml version="1.0" encoding="UTF-8"?>
<record
    xmlns:xsi="http://www.w3.org/2001/XMLSchema-instance"
    xsi:schemaLocation="http://www.loc.gov/MARC21/slim http://www.loc.gov/standards/marcxml/schema/MARC21slim.xsd"
    xmlns="http://www.loc.gov/MARC21/slim">

  <leader>03261cam a2200409 i 4500</leader>
  <datafield tag="999" ind1=" " ind2=" ">
    <subfield code="c">27463</subfield>
    <subfield code="d">27463</subfield>
  </datafield>
  <controlfield tag="001">on1112702079</controlfield>
  <controlfield tag="003">OCoLC</controlfield>
  <controlfield tag="005">20240801172021.0</controlfield>
  <controlfield tag="006">a|||||o|||| 00| 0 </controlfield>
  <controlfield tag="007">cr cnu---unuuu</controlfield>
  <controlfield tag="008">190822s2019    mau     ob    001 0 eng d</controlfield>
  <datafield tag="015" ind1=" " ind2=" ">
    <subfield code="a">GBB9E0095</subfield>
    <subfield code="2">bnb</subfield>
  </datafield>
  <datafield tag="016" ind1="7" ind2=" ">
    <subfield code="a">019504451</subfield>
    <subfield code="2">Uk</subfield>
  </datafield>
  <datafield tag="020" ind1=" " ind2=" ">
    <subfield code="a">9780128187241</subfield>
    <subfield code="q">(ePub ebook)</subfield>
  </datafield>
  <datafield tag="020" ind1=" " ind2=" ">
    <subfield code="a">0128187247</subfield>
  </datafield>
  <datafield tag="020" ind1=" " ind2=" ">
    <subfield code="z">9780128187234</subfield>
  </datafield>
  <datafield tag="035" ind1=" " ind2=" ">
    <subfield code="a">(OCoLC)1112702079</subfield>
  </datafield>
  <datafield tag="040" ind1=" " ind2=" ">
    <subfield code="a">OPELS</subfield>
    <subfield code="b">eng</subfield>
    <subfield code="e">rda</subfield>
    <subfield code="e">pn</subfield>
    <subfield code="c">OPELS</subfield>
    <subfield code="d">UKMGB</subfield>
    <subfield code="d">DKU</subfield>
    <subfield code="d">UKAHL</subfield>
    <subfield code="d">OCLCQ</subfield>
    <subfield code="d">OCLCO</subfield>
    <subfield code="d">K6U</subfield>
    <subfield code="d">OCLCQ</subfield>
  </datafield>
  <datafield tag="050" ind1=" " ind2="4">
    <subfield code="a">TC1665</subfield>
  </datafield>
  <datafield tag="082" ind1="0" ind2="4">
    <subfield code="a">627.98</subfield>
    <subfield code="2">23</subfield>
  </datafield>
  <datafield tag="100" ind1="1" ind2=" ">
    <subfield code="a">Pepli&#xFFFD;nski, Henryk,</subfield>
    <subfield code="e">author.</subfield>
  </datafield>
  <datafield tag="245" ind1="1" ind2="0">
    <subfield code="a">Ship and mobile offshore unit automation :</subfield>
    <subfield code="b">a practical guide /</subfield>
    <subfield code="c">Henryk Pepli&#xFFFD;nski.</subfield>
  </datafield>
  <datafield tag="264" ind1=" " ind2="1">
    <subfield code="a">Cambridge, MA :</subfield>
    <subfield code="b">Gulf Professional Publishing, an imprint of ElsevierGULF PROFESSIONAL,</subfield>
    <subfield code="c">2019.</subfield>
  </datafield>
  <datafield tag="300" ind1=" " ind2=" ">
    <subfield code="a">1 online resource (1 volume)</subfield>
  </datafield>
  <datafield tag="336" ind1=" " ind2=" ">
    <subfield code="a">text</subfield>
    <subfield code="b">txt</subfield>
    <subfield code="2">rdacontent</subfield>
  </datafield>
  <datafield tag="337" ind1=" " ind2=" ">
    <subfield code="a">computer</subfield>
    <subfield code="b">c</subfield>
    <subfield code="2">rdamedia</subfield>
  </datafield>
  <datafield tag="338" ind1=" " ind2=" ">
    <subfield code="a">online resource</subfield>
    <subfield code="b">cr</subfield>
    <subfield code="2">rdacarrier</subfield>
  </datafield>
  <datafield tag="504" ind1=" " ind2=" ">
    <subfield code="a">Includes bibliographical references and index.</subfield>
  </datafield>
  <datafield tag="505" ind1="0" ind2=" ">
    <subfield code="a">Preamble -- General -- Type of operation, engine room and bridge -- IMO regulations -- Classification societies rule requirements -- International codes and standards -- Additional client requirements related to automation systems safety -- Application of maritime legislation, guidance and standards on automation systems -- Designing control and monitoring systems -- Procuring control and monitoring systems -- Integrated automation system (IAS) -- Safety management systems -- Position keeping systems -- Remote diagnostic systems -- Control and monitoring systems certification -- Control and monitoring systems installation -- Mechanical completion and commissioning of control and monitoring systems -- Control and monitoring systems maintenance -- Vessel/offshore unit certification -- Control and monitoring systems evolution and future.</subfield>
  </datafield>
  <datafield tag="520" ind1=" " ind2=" ">
    <subfield code="a">Ship and Mobile Offshore Unit Automation: A Practical Guide: A Practical Guide gives engineers a much-needed reference on relevant standards and codes, along with practical case studies on how to use these standards on actual projects and plans. Packed with the critical procedures necessary for each phase of the project, the book also gives an outlook on trends of development for control and monitoring systems, including usage of artificial intelligence in software development and prospects for the use of autonomous vessels. Rounding out with a glossary and introductory chapter specific to the new marine engineer just starting, this book delivers a source of valuable information to help offshore engineers be better prepared to safely and efficiently design today's offshore unit control systems. --</subfield>
    <subfield code="c">Provided by publisher.</subfield>
  </datafield>
  <datafield tag="588" ind1="0" ind2=" ">
    <subfield code="a">Print version record.</subfield>
  </datafield>
  <datafield tag="650" ind1=" " ind2="0">
    <subfield code="a">Offshore structures</subfield>
    <subfield code="x">Automation.</subfield>
  </datafield>
  <datafield tag="650" ind1=" " ind2="6">
    <subfield code="a">Structures offshore</subfield>
    <subfield code="0">(CaQQLa)201-0052398</subfield>
    <subfield code="x">Automatisation.</subfield>
    <subfield code="0">(CaQQLa)201-0378787</subfield>
  </datafield>
  <datafield tag="776" ind1="0" ind2="8">
    <subfield code="i">Print version:</subfield>
    <subfield code="a">PEPLINSKI, HENRYK.</subfield>
    <subfield code="t">SHIP AND MOBILE OFFSHORE UNIT AUTOMATION.</subfield>
    <subfield code="d">[Place of publication not identified] : GULF PROFESSIONAL, 2019</subfield>
    <subfield code="z">0128187239</subfield>
    <subfield code="w">(OCoLC)1091844885</subfield>
  </datafield>
  <datafield tag="856" ind1="4" ind2="0">
    <subfield code="3">ScienceDirect</subfield>
    <subfield code="u">https://www.sciencedirect.com/science/book/9780128187234</subfield>
  </datafield>
  <datafield tag="942" ind1=" " ind2=" ">
    <subfield code="2">ddc</subfield>
    <subfield code="c">EBK</subfield>
  </datafield>
</record>
